000
00292nam a2200097Ia 4500
008
220204s9999 xx 000 0 und d
082
_a
002.24375
_b
IND
245
0
_a
Research and development in physics and mathematical sciences
260
_a
Bangalore
_b
Indian Inst of Science
_c
1984
942
_c
BK
999
_c
44967
_d
44967